<?xml version="1.0" encoding="UTF-8"?>
<record
    xmlns:xsi="http://www.w3.org/2001/XMLSchema-instance"
    xsi:schemaLocation="http://www.loc.gov/MARC21/slim http://www.loc.gov/standards/marcxml/schema/MARC21slim.xsd"
    xmlns="http://www.loc.gov/MARC21/slim">

  <leader>03238nam a2200409Ii 4500</leader>
  <controlfield tag="001">DIGSCR0046</controlfield>
  <controlfield tag="003">NyNyDIG</controlfield>
  <controlfield tag="006">m     o  d        </controlfield>
  <controlfield tag="007">cr |||||||||||</controlfield>
  <controlfield tag="008">100625s1995    mdua    ob    011 0 eng d</controlfield>
  <datafield tag="020" ind1=" " ind2=" ">
    <subfield code="z">0916379574</subfield>
  </datafield>
  <datafield tag="020" ind1=" " ind2=" ">
    <subfield code="z">9780916379575</subfield>
  </datafield>
  <datafield tag="035" ind1=" " ind2=" ">
    <subfield code="a">(OCoLC)605377236</subfield>
  </datafield>
  <datafield tag="040" ind1=" " ind2=" ">
    <subfield code="a">DGITA</subfield>
    <subfield code="b">eng</subfield>
    <subfield code="e">pn</subfield>
    <subfield code="c">DGITA</subfield>
  </datafield>
  <datafield tag="050" ind1="1" ind2="4">
    <subfield code="a">P301 eBook</subfield>
  </datafield>
  <datafield tag="245" ind1="0" ind2="0">
    <subfield code="a">Discourse studies in honor of James L. Kinneavy /</subfield>
    <subfield code="c">edited by Rosalind J. Gabin ; biographical introduction by Valerie M. Balester, Phillip Sipiora, Rosalind J. Gabin ; epilogue by W. Ross Winterowd.</subfield>
  </datafield>
  <datafield tag="264" ind1=" " ind2="1">
    <subfield code="a">Potomac, Md., U.S.A. :</subfield>
    <subfield code="b">Scripta Humanistica,</subfield>
    <subfield code="c">1995.</subfield>
  </datafield>
  <datafield tag="300" ind1=" " ind2=" ">
    <subfield code="a">1 online resource (xxxiii, 223 pages) :</subfield>
    <subfield code="b">ill.</subfield>
  </datafield>
  <datafield tag="336" ind1=" " ind2=" ">
    <subfield code="a">text</subfield>
    <subfield code="b">txt</subfield>
    <subfield code="2">rdacontent</subfield>
  </datafield>
  <datafield tag="337" ind1=" " ind2=" ">
    <subfield code="a">computer</subfield>
    <subfield code="b">c</subfield>
    <subfield code="2">rdamedia</subfield>
  </datafield>
  <datafield tag="338" ind1=" " ind2=" ">
    <subfield code="a">online resource</subfield>
    <subfield code="b">cr</subfield>
    <subfield code="2">rdacarrier</subfield>
  </datafield>
  <datafield tag="490" ind1="1" ind2=" ">
    <subfield code="a">Scripta humanistica ;</subfield>
    <subfield code="v">51.</subfield>
  </datafield>
  <datafield tag="504" ind1=" " ind2=" ">
    <subfield code="a">Includes bibliographical references and index.</subfield>
  </datafield>
  <datafield tag="505" ind1="0" ind2=" ">
    <subfield code="a">Biographical Introduction: Vir Bonus Agendi Peritus / Val&#xE9;rie M. Balester, Phillip Sipiora, Rosalind J. Gabin -- Some JLK Students Speak / Jackie Byars, Bernard M. Timberg, William J. McCleary and Maxine M. Long, Karin L. Yanoff -- JLK: The Bibliography The Essays: Our Tribute to James L. Kinneavy / Rosalind J. Gabin -- Part One: Classical and Modern Rhetoric:  Classical Rhetoric: The Basic Issues / Edward P. J. Corbett -- A Rhetoric of Ethics and Cultural Understanding: The Quest of Isocrates / Phillip Sipiora  --Refiguring Rhetoric: Aristotle's Concept of Techne / Janet Atwill and Janice Lauer -- Nineteenth Century Scottish Rhetoric: The Missing Link Between Classical and Modem / Winifred Bryan Horner -- Part Two: Postmodern Perspectives: Two Propositions: On the Hermeneutics of Suspicion and on Writing the History of Rhetoric / Victor J. Vitanza -- Rhetoric and Post-Deconstructionism: A Relationist Theory of Meaning / Richard A. Cherwitz and James W. Hikins -- Social Rhetoric and Political Action / John J. Ruszkiewicz -- Part Three: The Teaching Of Writing: Fred Newton Scott and the Reform Movement of the 1890s / Donald C. Stewart -- Is There a Place for Classical Rhetoric in the Teaching of Composition Today? / Jean Dietz Moss -- Kinneavy's Theory of Discourse and the Coll&#xE8;ge English Major / William J. McCleary --"Tracing Round the Frame": Thinking About Writing in Departments of English /Richard E. Young -- Part Four: Science, Ethics, and Advertising: Voice in Scientific Discourse / George E. Yoos --Ethics Across th&#xE9; Curriculum / Rosalind J. Gabin -- The Promised Land: The Rhetoric of Religion and the Development of American Advertising / Donald A. McQuade -- Epilogue: "Jim Kinneavy" / W. Ross Winterowd.</subfield>
  </datafield>
  <datafield tag="650" ind1=" " ind2="0">
    <subfield code="a">Rhetoric.</subfield>
    <subfield code="y"> 1500-1800.</subfield>
  </datafield>
  <datafield tag="650" ind1=" " ind2="0">
    <subfield code="a">Written communication.</subfield>
  </datafield>
  <datafield tag="650" ind1=" " ind2="0">
    <subfield code="a">Discourse analysis.</subfield>
  </datafield>
  <datafield tag="655" ind1=" " ind2="0">
    <subfield code="a">Electronic books.</subfield>
  </datafield>
  <datafield tag="700" ind1="1" ind2=" ">
    <subfield code="a">Kinneavy, James L.,</subfield>
    <subfield code="d">1920-</subfield>
  </datafield>
  <datafield tag="700" ind1="1" ind2=" ">
    <subfield code="a">Gabin, Rosalind J.</subfield>
  </datafield>
  <datafield tag="791" ind1="2" ind2=" ">
    <subfield code="a">Digitalia (Firm),</subfield>
    <subfield code="e">distributor.</subfield>
  </datafield>
  <datafield tag="830" ind1=" " ind2="0">
    <subfield code="a">Scripta Humanistica (Series) ;</subfield>
    <subfield code="v">51.</subfield>
  </datafield>
  <datafield tag="793" ind1="0" ind2=" ">
    <subfield code="g">Digitalia eBook Collection:</subfield>
    <subfield code="a">Scripta Humanistica.</subfield>
  </datafield>
  <datafield tag="856" ind1="4" ind2="0">
    <subfield code="3">Digitalia Hisp&#xE1;nica</subfield>
    <subfield code="u">https://www.digitaliapublishing.com/a/188/</subfield>
  </datafield>
  <datafield tag="910" ind1=" " ind2=" ">
    <subfield code="a">Premium Collection: 2007-2012</subfield>
  </datafield>
  <datafield tag="942" ind1=" " ind2=" ">
    <subfield code="c">RAA</subfield>
  </datafield>
  <datafield tag="952" ind1=" " ind2=" ">
    <subfield code="0">0</subfield>
    <subfield code="1">0</subfield>
    <subfield code="4">0</subfield>
    <subfield code="7">0</subfield>
    <subfield code="8">DEH</subfield>
    <subfield code="a">BD-UIN</subfield>
    <subfield code="b">BD-UIN</subfield>
    <subfield code="d">2025-04-25</subfield>
    <subfield code="l">0</subfield>
    <subfield code="r">2025-04-25</subfield>
    <subfield code="w">2025-04-25</subfield>
    <subfield code="y">RAA</subfield>
  </datafield>
  <datafield tag="999" ind1=" " ind2=" ">
    <subfield code="c">229284</subfield>
    <subfield code="d">229284</subfield>
  </datafield>
</record>
